000 005510000a22001810004500
003 MACL
005 20160503160716.0
008 160503b xxu||||| |||| 00| 0 eng d
040 _aMACL
_cMACL
041 _aHindi
082 _a800 VYA
100 _aव्‍यास, सत्‍यनारायण
_954996
245 _aनहीं अरण्‍य-रोदन
260 _bअंकुर प्रकाशन
_c2006
_aउदयपुर
350 _a250
650 _aCollecting Literature
_954997
942 _cHIN
_k800/VYA/L
_2ddc
999 _c21901
_d21901